ENDANGERED MEDICINAL PLANTS (Record no. 14670)

MARC details
000 -LEADER
fixed length control field 00323nam a22001457a 4500
003 - CONTROL NUMBER IDENTIFIER
control field SGT
020 ## - INTERNATIONAL STANDARD BOOK NUMBER
International Standard Book Number 978-81-7035-441-3
082 ## - DEWEY DECIMAL CLASSIFICATION NUMBER
Classification number 615.32
Item number E14C
100 ## - MAIN ENTRY--PERSONAL NAME
Personal name CHAUDHARI,A.B
245 ## - TITLE STATEMENT
Title ENDANGERED MEDICINAL PLANTS
260 ## - PUBLICATION, DISTRIBUTION, ETC. (IMPRINT)
Place of publication, distribution, etc NEW DELHI
Name of publisher, distributor, etc DAYA PUB
Year of Publication 2014
300 ## - PAGE DESCRIPTION
No. of Pages 311
650 ## - SUBJECT ADDED ENTRY--TOPICAL TERM
Topical term or geographic name as entry element AYURVEDA
942 ## - ADDED ENTRY ELEMENTS (KOHA)
Source of classification or shelving scheme Dewey Decimal Classification
Koha item type Books
942 ## - ADDED ENTRY ELEMENTS (KOHA)
-- 2
Holdings
Withdrawn status Lost status Source of classification or shelving scheme Damaged status Not for loan Collection code Home library Current library Shelving location Date acquired Vendor Name Cost, normal purchase price SGTU Bill Number Total Checkouts Full call number Accession No. (Barcode) Date last seen Bill Date Koha item type Date last borrowed
    Dewey Decimal Classification     AYURVEDA SGT FA-FP Library SGT FA-FP Library Text Book 24/01/2018 CHAUKHAMBHA PUB 1595.00 SGTU 9136   615.32 E14C FA7701 24/01/2018 04/01/2018 Books  
    Dewey Decimal Classification     AYURVEDA SGT FA-FP Library SGT FA-FP Library Text Book 24/01/2018 CHAUKHAMBHA PUB 1595.00 SGTU 9136   615.32 E14C FA7702 24/01/2018 04/01/2018 Books  
    Dewey Decimal Classification     AYURVEDA SGT FA-FP Library SGT FA-FP Library Text Book 24/01/2018 CHAUKHAMBHA PUB 1595.00 SGTU 9136   615.32 E14C FA7703 24/01/2018 04/01/2018 Books  
    Dewey Decimal Classification     AYURVEDA SGT FA-FP Library SGT FA-FP Library Text Book 24/01/2018 CHAUKHAMBHA PUB 1595.00 SGTU 9136 1 615.32 E14C FA7704 29/09/2021 04/01/2018 Books 24/09/2021
    Dewey Decimal Classification     AYURVEDA SGT FA-FP Library SGT FA-FP Library Text Book 24/01/2018 CHAUKHAMBHA PUB 1595.00 SGTU 9136 1 615.32 E14C FA7705 14/12/2018 04/01/2018 Books 30/11/2018
    Dewey Decimal Classification     AYURVEDA SGT FA-FP Library SGT FA-FP Library Text Book 24/01/2018 CHAUKHAMBHA PUB 1595.00 SGTU 9136   615.32 E14C FA7706 24/01/2018 04/01/2018 Books  
    Dewey Decimal Classification     AYURVEDA SGT FA-FP Library SGT FA-FP Library Text Book 24/01/2018 CHAUKHAMBHA PUB 1595.00 SGTU 9136 1 615.32 E14C FA7707 24/09/2021 04/01/2018 Books 22/09/2021
    Dewey Decimal Classification     AYURVEDA SGT FA-FP Library SGT FA-FP Library Text Book 24/01/2018 CHAUKHAMBHA PUB 1595.00 SGTU 9136   615.32 E14C FA7708 24/01/2018 04/01/2018 Books